| 000 | 00946 a2200217 4500 | ||
|---|---|---|---|
| 010 | _aENG-85715 | ||
| 020 |
_c365.00 _a817812047X |
||
| 035 | _aEN-69248 | ||
| 037 | _bD.B.Act / Pub | ||
| 082 | 1 | 4 | _a540 |
| 090 |
_c3344 _d3344 |
||
| 100 | 1 | _aSharma, Narender | |
| 245 | 1 |
_aR. Gupta's popular master guide CSIR-UGC national eligibility test (NET) Chemical sciences _cby Narender Sharma and Karan Dev _bfor awarding junior research fellowship and for determining eligibility for lectureship |
|
| 260 |
_aNew Delhi _bRamesh Publishing House _c2008 |
||
| 270 |
_a12-H, New Darya Ganj Road, Opp. Traffic Kotwali _bNew Delhi _cDelhi : _e110002 _k23261647 _l23275124 _minfo@rameshpublishinghouse.com |
||
| 300 |
_avarious pagings _c23 cm (pbk) |
||
| 650 |
_aChemical sciences _xexaminations |
||
| 650 | _aCSIR-UGC NET test | ||
| 942 |
_adpl _cEN _k540 / SHA |
||
| 999 |
_c3277 _d3277 |
||